00781nam a22002177a 4500003000500000005001700005008004100022010001100063011001100074035001100085040000900096100003200105245011700137260004000254500006000294502007700354650002900431650002400460650001500484856006400499CHAP20220329143738.0110525s2011 mx r 00010 spa d a101306 a102278 a112966 cCHAP1 cMéndez Jiménez, Gabriel10aProducción de hortalizas en huertos familiares bajo invernaderoh[En línea]c/por Gabriel Méndez Jiménez aChapingo, Méx. :bEl autor,c2011 aPara ver el contenido del material haga clic en la liga aTesis (Ing. Agr. Esp. en Fitotecnia) -- UACH. Departamento de Fitotecnia14aCultivos en invernadero.14aHuertos familiares.14aLegumbres. 3Finding aiduhttp://10.13.5.2/tesis/112966.pdfzTeclea aqui